Statistiques concernant Personnages Clan Senju ( Naruto / Boruto )

Cliquez ici pour prendre le quiz!

Statistiques générales

  • Ce quiz a été pris 31 fois
  • Le résultat moyen est 4 sur 8

Statistiques - réponses

Réponse% Correct
Hashirama
100%
Tsunade
100%
Tobirama
97%
Nawaki
41%
Butsuma
14%
Itama
14%
Kawarama
7%
Toka
0%

Distribution des résultats

Percentile par nombre de réponses

% des personnes avec chaque résultat

Votre développement - résultats

Vous n’avez pas pris ce quiz